La cultura de la escuela: creencias pedagógicas y estilos de enseñanza
Сохранить в:
| Главный автор: | |
|---|---|
| Формат: | |
| Язык: | испанский |
| Опубликовано: |
Buenos Aires
Aique
1996
|
| Редактирование: | 2a. ed |
| Серии: | Estrategias de Aula
|
| Предметы: | |
| Метки: |
Добавить метку
Нет меток, Требуется 1-ая метка записи!
|
MARC
| LEADER | 00000nam a2200000 a 4500 | ||
|---|---|---|---|
| 001 | UCK7347 | ||
| 003 | CL-VaPUC | ||
| 008 | 051118e19960000AG |||||||||||||||||spa|d | ||
| 020 | |a 9507010955 | ||
| 082 | 0 | 4 | |a 370.1 |b GIB |2 21 |
| 100 | 0 | |a Gibaja, Regina Elena |e author |9 496868 | |
| 245 | 1 | 3 | |a La cultura de la escuela: creencias pedagógicas y estilos de enseñanza |
| 250 | |a 2a. ed | ||
| 300 | |a 115 p | ||
| 942 | |c BK | ||
| 945 | |d 20051118 00:00:00 |a cmena | ||
| 260 | |a Buenos Aires |b Aique |c 1996 | ||
| 650 | 0 | |a Filosofía de la educación |9 258384 | |
| 650 | 0 | |a Psicología educacional |9 307830 | |
| 650 | 0 | |a Sociología de la educación |9 260380 | |
| 650 | 0 | |a Planificación del currículo |9 269599 | |
| 650 | 0 | |a Innovaciones pedagógicas |9 307471 | |
| 650 | 0 | |a Rol del docente |9 329733 | |
| 583 | |a last modification |c 20051118 00:00:00 |k Rodrigo Vera | ||
| 490 | 0 | |a Estrategias de Aula | |
| 999 | |c 315332 |d 315330 | ||
| 952 | |0 0 |1 0 |4 0 |6 370_100000000000000_GIB_1996 |7 0 |8 A |9 388436 |a BIBEDU |b BIBEDU |d 2019-11-22 |i 4182839 |l 1 |o 370.1 GIB 1996 |p 4182839 |r 2024-04-23 |s 2024-04-23 |w 2019-11-22 |y BK |k EBA | ||